Catálogo

Una historia de la filosofía : (Registro nro. 24911)

Detalles MARC
000 -LEADER
fixed length control field 01352cam a2200361 i 4500
001 - CONTROL NUMBER
control field 24911
003 - CONTROL NUMBER IDENTIFIER
control field Mx-PuUPA
005 - DATE AND TIME OF LATEST TRANSACTION
control field 20251104085620.0
008 - FIXED-LENGTH DATA ELEMENTS--GENERAL INFORMATION
fixed length control field 140415s2001 sp gr 001 0 spa d
017 ## - COPYRIGHT OR LEGAL DEPOSIT NUMBER
Copyright or legal deposit number 114-2016
020 ## - INTERNATIONAL STANDARD BOOK NUMBER
International Standard Book Number 9788430119288
040 ## - CATALOGING SOURCE
Original cataloging agency Mx-PuUPA
Language of cataloging spa
Transcribing agency Mx-PuUPA
Modifying agency Mx-PuUPA
Description conventions rda
041 1# - LANGUAGE CODE
Language code of text/sound track or separate title spa
Language code of original ger
100 1# - MAIN ENTRY--PERSONAL NAME
Personal name Pannenberg, Wolfhart,
Dates associated with a name 1928-2014
Relator term autor
9 (RLIN) 892
240 10 - UNIFORM TITLE
Uniform title Teologie und philosophie.
Language of a work Español
245 14 - TITLE STATEMENT
Title Una historia de la filosofía :
Remainder of title desde la idea de Dios /
Statement of responsibility, etc. Wolfhart Pannenberg ; traducción de Rafael Fernández de Mururi Duque
264 #1 - PRODUCTION, PUBLICATION, DISTRIBUTION, MANUFACTURE, AND COPYRIGHT NOTICE
Place of production, publication, distribution, manufacture Salamanca, España :
Name of producer, publisher, distributor, manufacturer Ediciones Sígueme,
Date of production, publication, distribution, manufacture, or copyright notice ©2001
300 ## - PHYSICAL DESCRIPTION
Extent 381 páginas ;
Dimensions 21 cm
336 ## - CONTENT TYPE
Fuente rdacontent
Content type term texto
Content type code txt
337 ## - MEDIA TYPE
Source rdamedia
Media type term sin medio
Media type code n
338 ## - CARRIER TYPE
Source rdacarrier
Carrier type term volumen
Carrier type code nc
490 0# - SERIES STATEMENT
Series statement Hermeneia ;
Volume/sequential designation 46
600 04 - SUBJECT ADDED ENTRY--PERSONAL NAME
Personal name Dios
General subdivision Filosofía
650 #7 - SUBJECT ADDED ENTRY--TOPICAL TERM
Source of heading or term armarc
Topical term or geographic name entry element Filosofía
General subdivision Historia
650 #7 - SUBJECT ADDED ENTRY--TOPICAL TERM
Source of heading or term armarc
Topical term or geographic name entry element Filosofía y religión
650 #7 - SUBJECT ADDED ENTRY--TOPICAL TERM
Source of heading or term armarc
Topical term or geographic name entry element Teología dogmática
700 1# - ADDED ENTRY--PERSONAL NAME
Personal name Fernández, Rafael,
Relator term traductor
765 0# - ORIGINAL LANGUAGE ENTRY
Main entry heading Pannenberg, Wolfhart
Title Theologie und Philosophie
Place, publisher, and date of publication Göttingen : Vandenhoeck & Ruprecht, 1996
942 ## - ADDED ENTRY ELEMENTS (KOHA)
Source of classification or shelving scheme Dewey Decimal Classification
Koha item type Libro
Classification part 211
Item part P8718
Existencias
Withdrawn status Lost status Source of classification or shelving scheme Damaged status Not for loan Collection code Home library Current library Shelving location Date acquired Source of acquisition Cost, normal purchase price Total Checkouts Full call number Barcode Date last seen Cost, replacement price Price effective from Koha item type
    Dewey Decimal Classification     General Biblioteca Karol Wojtyla Biblioteca Karol Wojtyla Sala general 03/12/2013 Donación 0.00   211 P8718 2001 46525 05/01/2026 0.00 03/12/2013 Libro